Statistics for What country does this airline belong to

Click here to take the quiz!

General Stats

  • This quiz has been taken 22 times
  • The average score is 8 of 15

Answer Stats

HintAnswer% Correct
UsaAmerican
82%
UkBritish Airways
82%
GermanyLufthansa
82%
UaeEmirates
71%
UsaDelta
59%
UsaSouthwest
59%
UsaUnited
59%
PortugalTAP
53%
UkEasy Jet
47%
UsaHawaiian
35%
UsaSpirit
35%
UsaFrontier
29%
UkJet2
29%
UsaAlaskan
24%
UaeEithad
6%

Score Distribution

Percentile by Number Answered

Percent of People with Each Score

Your Score History

You have not taken this quiz